000 00411nam a2200157Ia 4500
005 20250522025644.0
008 240331s9999 xx 000 0 und d
020 _a0742508811
082 _a301
_bMOO
100 _aMoon,V
245 0 _aOru dalittamiruntu
260 _aCoimbatore
_bVidiyal Pathippagam
_c2002
300 _a214 p .,
500 _aTamil Translation of Growing up Untouchable in India
942 _cL
999 _c1022
_d1022